Lo académico, lo moral y lo político: intelecturales latinoamericanos en un contexto mundial/
Uloženo v:
| Hlavní autor: | |
|---|---|
| Médium: | Kniha |
| Tagy: |
Přidat tag
Žádné tagy, Buďte první, kdo vytvoří štítek k tomuto záznamu!
|
MARC
| LEADER | 00000nam a22000007a 4500 | ||
|---|---|---|---|
| 003 | cru CIDCACS/IIS | ||
| 005 | 20180517095522.0 | ||
| 007 | ta | ||
| 008 | 180517t2002 ne |||p|r||| 00| 0 spa|| | ||
| 999 | |c 41423 |d 41423 | ||
| 040 | |c cru CIDCACS/IIS | ||
| 100 | 1 | |9 7211 |a Baud, Michiel | |
| 245 | 1 | |a Lo académico, lo moral y lo político: |b intelecturales latinoamericanos en un contexto mundial/ |c Michiel Baud | |
| 246 | 1 | |a Intelectuales y sus utopías: |b indigenismo y la imaginación de América Latina | |
| 300 | |a páginas 1-31 | ||
| 773 | 0 | |0 19222 |9 2010 |a Centro de Estudios Latinoamericanos y Documentación |d Amsterdam, Países Bajos: Centro de Estudios Latinoamericanos y Documentación |o 18798 |t Cuadernos del Cedla / | |
| 942 | |2 ddc |c PP | ||
